LIBRARY & INFORMATION CENTRE, KCAET, TAVANUR

ONLINE PUBLIC ACCESS CATALOGUE (OPAC)

Manorama year book 1966 (Record no. 17450)

MARC details
000 -LEADER
fixed length control field 00258nam a22001097a 4500
003 - CONTROL NUMBER IDENTIFIER
control field OSt
008 - FIXED-LENGTH DATA ELEMENTS--GENERAL INFORMATION
fixed length control field 211008b ||||| |||| 00| 0 eng d
245 ## - TITLE STATEMENT
Title Manorama year book 1966
260 ## - PUBLICATION, DISTRIBUTION, ETC. (IMPRINT)
Place of publication manorama
Name of publisher monorama
Year of publication 1966
300 ## - PHYSICAL DESCRIPTION
Number of Pages 612 pages
Other physical details Rs.8/-
942 ## - ADDED ENTRY ELEMENTS (KOHA)
Koha item type Books
Holdings
Withdrawn status Lost status Damaged status Home library Current library Date acquired Full call number Accession Number Koha item type
Withdrawn     KAUAET KAUAET 08/10/2021 MAM/MA 8544 Books
free website counter